World Capitals Ending in -U - Statistics

General Stats
  • This quiz has been taken 360 times
  • The average score is 7 of 11
Answer Stats
Answer % Correct
Baku
82%
Kathmandu
78%
Thimphu
73%
Nassau
70%
Bissau
68%
Maseru
66%
Roseau
63%
Cotonou
55%
Chișinău
54%
Mogadishu
52%
Ouagadougou
41%
No matching quizzes found
Score Distribution
Percent of People with Each Score
Percentile by Number Answered
Your Score History
You have not taken this quiz